Football International Championship Winners - Ultimate Version - Statistics

General Stats
  • This quiz has been taken 64 times
  • The average score is 85 of 95
Answer Stats
Amount of Wins Answer % Correct
16 Argentina
100%
3 Argentina
100%
1 Argentina
100%
2 Argentina
100%
9 Brazil
100%
5 Brazil
100%
4 Brazil
100%
2 Brazil
100%
1 England
100%
2 France
100%
1 France
100%
2 France
100%
2 France
100%
1 France
100%
3 Germany
100%
4 Germany
100%
1 Germany
100%
4 Spain
100%
1 Spain
100%
1 Spain
100%
2 Spain
100%
15 Uruguay
100%
2 Uruguay
100%
2 Uruguay
100%
1 Greece
98%
2 Italy
98%
4 Italy
98%
1 Italy
98%
12 Mexico
98%
1 Mexico
98%
1 Mexico
98%
1 Mexico
98%
1 Australia
96%
4 Australia
96%
1 Denmark
96%
1 Denmark
96%
7 Egypt
96%
1 Egypt
96%
4 Japan
96%
2 Morocco
96%
1 Morocco
96%
1 Netherlands
96%
1 Portugal
96%
2 Portugal
96%
3 Saudi-Arabia
94%
2 Saudi Arabia
94%
7 USA
94%
3 USA
94%
5 Cameroon
93%
1 Cameroon
93%
1 Colombia
93%
3 Iran
93%
6 New Zealand
93%
2 South Korea
93%
2 Algeria
91%
1 Algeria
91%
2 Chile
91%
4 Ghana
91%
3 Nigeria
91%
1 Nigeria
91%
2 Paraguay
91%
2 Peru
91%
1 South Africa
91%
1 USSR
91%
2 USSR
91%
2 Canada
89%
2 DR Congo/Zaire
89%
1 Iraq
89%
4 Iraq
89%
3 Ivory Coast
89%
2 Qatar
89%
1 Senegal
89%
1 Bolivia
85%
1 Tunisia
85%
1 Tunisia
85%
3 Costa Rica
83%
1 Belgium
80%
1 Czechoslovakia
76%
1 Czechoslovakia
76%
1 Republic Congo
76%
1 Zambia
74%
1 Poland
72%
1 Sudan
70%
1 Sweden
70%
1 Yugoslavia
70%
1 Honduras
69%
1 Israel
69%
1 Guatemala
65%
1 Haiti
63%
1 Ethiopia
59%
3 Hungary
59%
1 Kuwait
59%
2 UK
59%
1 Tahiti
57%
1 East Germany
44%
No matching quizzes found
Score Distribution
Percent of People with Each Score
Percentile by Number Answered
Your Score History
You have not taken this quiz